000
00304nam a22001217a 4500
040
_c
RUA
082
_a
510 GLE 1993 A013 Or.
100
_a
Collins, William
245
_a
Mathematics course 1 : applications and connections
260
_a
phnom penh
_b
rua
_c
2001
300
_a
xx.607p.
_b
ill.
942
_c
REC
999
_c
21540
_d
21540